Fruits: A-Z #2 - Statistics

General Stats
  • This quiz has been taken 42 times
  • The average score is 14 of 22
Answer Stats
Picture Answer % Correct
B{anana}
100%
C{herry}
100%
L{emon}
97%
A{vocado}
95%
E{ggplant}
95%
G{rapes}
95%
S{trawberry}
92%
T{omato}
92%
O{live}
84%
Z{ucchini}
76%
P{omegranate}
71%
K{umquat}
66%
D{urian}
63%
Q{uince}
58%
H{uckleberry}
53%
R{ambutan}
42%
M{angosteen}
37%
Y{uzu}
24%
J{ujube}
21%
F{eijoa}
16%
N{ance}
11%
W{hite} {sapote}
8%
No matching quizzes found
Score Distribution
Percent of People with Each Score
Percentile by Number Answered
Your Score History
You have not taken this quiz